000 01253cam a2200265Ia 4500
005 20171129124928.0
008 970624s1997 mau 000 0 eng d
040 _aCLE
_cCLE
_dCUS
_dMYG
041 0 _aspa
044 _axxu
082 0 4 _a333.75068
_bB23t
100 1 _aBarber, Charles Victor
_eautor
245 1 4 _aThe case study of Indonesia /
_cCharles Victor Barber ; Valerie Percival, manuscript editor.
260 _aCambridge, MA (EE.UU.) :
_bCommittee on International Security Studies, American Academy of Arts and Science,
_c1997.
300 _a99 páginas :
_bilustraciones ;
_c28 x 22 cm.
500 _a"Project on Environmental Scarcities, State Capacity, and Civil Violence, a joint project of the University of Toronto and the American Academy of Arts and Sciences."
504 _aIncluye referencias bibliográficas: páginas 86-99.
650 2 6 _aPolítica forestal
_zIndonesia
650 2 6 _aDeforestación
_zIndonesia
650 2 6 _aDesarrollo económico
_xAspectos ambientales
_zIndonesia
650 2 6 _aDegradación ambiental
_zIndonesia
700 1 _aPercival, Valerie
_eautora
710 2 _aProject on Environmental Scarcities, State Capacity, and Civil Violence.
942 _2ddc
_cLIBRO
999 _c496
_d496